Normal view
MARC view
Entry Topical Term
001 - CONTROL NUMBER
- control field: 75266
003 - CONTROL NUMBER IDENTIFIER
- control field: OSt
005 - DATE AND TIME OF LATEST TRANSACTION
- control field: 20190607161321.0
008 - FIXED-LENGTH DATA ELEMENTS
- fixed length control field: 190607|| aca||aabn | a|a d
040 ## - CATALOGING SOURCE
- Original cataloging agency: OSt
- Transcribing agency: OSt
150 ## - HEADING--TOPICAL TERM
- Topical term or geographic name entry element: नाटयात्मकसमीक्षा
670 ## - SOURCE DATA FOUND
- Source citation: Work cat.: (OSt): शास्त्री जगदीश चन्द्र 55613, संस्कृत नाट्य कला और भारतेन्दु, 2014









